000 nam a22 4500
999 _c9208
_d9208
008 180418b ||||| |||| 00| 0 eng d
100 _927482
_aChavez, Chito A.
245 _aStudy Dulag martyrdom/
_cChito A. Chavez
260 _aPhilippines
_bManila Bulletin
_cc2016
300 _apage 6.
650 0 _927483
_aNative peoples.
942 _2ddc
_cPER